Normal view MARC view

Entry Nombre de reunión

Number of records used in: 1

001 - NÚMERO DE CONTROL

  • campo de control: 323

003 - IDENTIFICADOR DEL NÚMERO DE CONTROL

  • campo de control: FranzMayer

005 - FECHA Y HORA DE LA ÚLTIMA TRANSACCIÓN

  • campo de control: 20190320202854.0

008 - DATOS DE LONGITUD FIJA

  • campo de control de longitud fija: 190320|| aca||aabn | a|a d

040 ## - FUENTE DE LA CATALOGACIÓN

  • Centro catalogador/agencia de origen: FranzMayer
  • Centro/agencia transcriptor: FranzMayer

111 ## - ENCABEZAMIENTO--NOMBRE DE CONGRESO/REUNIÓN

  • Nombre de congreso/reunión o jurisdicción como elemento de entrada: World Congress of Friends Of Museum
  • Número del congreso/reunión o número de parte o sección: 9th
  • Fecha del congreso/reunión: 1996
  • Sede del congreso/Lugar de la reunión: Oaxaca de Juárez, México

670 ## - FUENTE DE DATOS ENCONTRADOS

  • Cita de la fuente: Work cat.: (FranzMayer): World Congress of Friends Of Museum 9th 1996 Oaxaca de Juárez, México, Museos por venir : IX Congreso Mundial de Amigos de los Museos : [ponencias] = Museums to come, 1998